[Event "SR 2. liga A 2010/2011"]
[Site "?"]
[Date "2011.02.06"]
[Round "37.4"]
[White "Gazi, Mikulas"]
[Black "Mydlarik, Martin"]
[Result "0-1"]
[WhiteElo "2138"]
[BlackElo "2136"]
[PlyCount "99"]
[EventDate "2010.??.??"]
[WhiteTeam "Slovakia"]
[BlackTeam "Slovakia"]
[WhiteTeamCountry "SVK"]
[BlackTeamCountry "SVK"]

1. e4 e6 2. d4 d5 3. Nd2 c5 4. exd5 Qxd5 5. Ngf3 cxd4 6. Bc4 Qd6 7. O-O Nf6 8.
Bb5+ Bd7 9. Bxd7+ Nbxd7 10. Nc4 Qd5 11. Qxd4 Bc5 12. Qxd5 Nxd5 13. a3 b5 14.
Nce5 Nxe5 15. Nxe5 Rc8 16. Nd3 Bb6 17. c3 Ke7 18. a4 Rhd8 19. Nf4 Nxf4 20. Bxf4
Rc4 21. Bg5+ f6 22. a5 Bc5 23. Be3 Bxe3 24. fxe3 Rc5 25. Rfe1 Rd2 26. Rab1 b4
27. Red1 bxc3 28. bxc3 Rxd1+ 29. Rxd1 Rxc3 30. Rb1 Kd6 31. a6 g5 32. Kf2 h5 33.
Rb7 Rc7 34. Rb4 Rc2+ 35. Kf3 Ra2 36. Rd4+ Ke5 37. h4 g4+ 38. Kg3 Rxa6 39. Rd7
Ke4 40. Rh7 Ra5 41. Kf2 Rf5+ 42. Ke1 a5 43. Ke2 g3 44. Ra7 Rf2+ 45. Ke1 Rxg2
46. Rxa5 Kf3 47. Rxh5 Re2+ 48. Kf1 g2+ 49. Kg1 Re1+ 50. Kh2 0-1

[Event "SR 2. liga A 2010/2011"]
[Site "?"]
[Date "2011.02.06"]
[Round "37.5"]
[White "Kundrak, Vladimir"]
[Black "Hartl, Jan"]
[Result "0-1"]
[WhiteElo "1961"]
[BlackElo "2118"]
[PlyCount "106"]
[EventDate "2010.??.??"]
[WhiteTeam "Slovakia"]
[BlackTeam "Slovakia"]
[WhiteTeamCountry "SVK"]
[BlackTeamCountry "SVK"]

1. e4 e5 2. Nf3 Nc6 3. Nc3 Nf6 4. g3 Bc5 5. Bg2 O-O 6. O-O Re8 7. d3 h6 8. h3
d5 9. exd5 Nxd5 10. Nxd5 Qxd5 11. Re1 Qd6 12. Be3 Bf5 13. Nd2 Bd4 14. Bxd4 exd4
15. a3 Rxe1+ 16. Qxe1 Qd7 17. Kh2 Re8 18. Qf1 Qe7 19. Nf3 Qc5 20. Re1 Re6 21.
Rxe6 Bxe6 22. Qe2 Qb5 23. b3 Qc5 24. a4 Nb4 25. Ne1 c6 26. Bf3 Kf8 27. Bg4 Ke7
28. Bxe6 fxe6 29. Qg4 g5 30. Qe2 Kf6 31. Qh5 Kg7 32. Qe2 Qd5 33. Qe4 Qxe4 34.
dxe4 e5 35. g4 Kf6 36. Kg2 a5 37. Kf1 b5 38. Ke2 bxa4 39. bxa4 Na2 40. Kd3 Nc3
41. Kc4 Nxa4 42. Nd3 Ke6 43. Kb3 Nc3 44. Nc5+ Kd6 45. Kc4 a4 46. f3 a3 47. Nb3
a2 48. Kd3 c5 49. Na1 Kc6 50. Kc4 Kd6 51. Nb3 Kc6 52. Na5+ Kd6 53. Nb3 Nd1 0-1

[Event "SR 2. liga A 2010/2011"]
[Site "?"]
[Date "2011.02.06"]
[Round "37.6"]
[White "Michal, Silvio"]
[Black "Sustak, Roman"]
[Result "0-1"]
[WhiteElo "2094"]
[BlackElo "1966"]
[PlyCount "108"]
[EventDate "2010.??.??"]
[WhiteTeam "Slovakia"]
[BlackTeam "Slovakia"]
[WhiteTeamCountry "SVK"]
[BlackTeamCountry "SVK"]

1. g3 Nf6 2. Bg2 g6 3. c4 c5 4. Nc3 Nc6 5. e3 Bg7 6. Nge2 O-O 7. O-O d6 8. d4
cxd4 9. exd4 Bg4 10. h3 Bxe2 11. Nxe2 Rc8 12. Be3 d5 13. Rc1 e6 14. Nf4 Ne7 15.
c5 Nc6 16. Qa4 Qc7 17. Rfd1 Rfd8 18. b4 a6 19. Qb3 b5 20. a4 Qb7 21. Ra1 Rb8
22. axb5 axb5 23. Ra3 Ra8 24. Rda1 Ne8 25. Ne2 Nc7 26. Bf1 Rxa3 27. Rxa3 Ra8
28. Rxa8+ Qxa8 29. Nc3 Qa1 30. Kg2 Nxd4 31. Bxd4 Bxd4 32. Nxb5 Nxb5 33. Bxb5
Qe1 34. Qf3 Qxb4 35. Be8 f6 36. c6 Qb6 37. Bd7 Kf7 38. h4 Be5 39. Qe2 Ke7 40.
Qd2 Qb2 41. Qh6 Bd4 42. Qxh7+ Kd6 43. Qxg6 Qxf2+ 44. Kh3 Qf1+ 45. Kg4 Qe2+ 46.
Kh3 f5 47. h5 Bg1 48. Kh4 Qh2+ 49. Kg5 Qxg3+ 50. Kf6 Qh4+ 51. Kg7 Bd4+ 52. Kg8
Qd8+ 53. Qe8 Qxe8+ 54. Bxe8 f4 0-1

[Event "SR 2. liga A 2010/2011"]
[Site "?"]
[Date "2011.02.06"]
[Round "37.7"]
[White "Horvath, Marek"]
[Black "Kimerling, Martin"]
[Result "0-1"]
[WhiteElo "1820"]
[BlackElo "1920"]
[PlyCount "116"]
[EventDate "2010.??.??"]
[WhiteTeam "Slovakia"]
[BlackTeam "Slovakia"]
[WhiteTeamCountry "SVK"]
[BlackTeamCountry "SVK"]

1. e4 d6 2. d4 Nf6 3. Nc3 g6 4. g3 Bg7 5. Bg2 O-O 6. Nge2 e5 7. dxe5 dxe5 8.
O-O c6 9. Be3 Na6 10. a3 Ng4 11. Qxd8 Rxd8 12. Bc1 Be6 13. h3 Nh6 14. g4 f5 15.
exf5 gxf5 16. gxf5 Nxf5 17. Ne4 Bc4 18. Re1 Bxe2 19. Rxe2 Rd1+ 20. Kh2 Bh6 21.
Bxh6 Rxa1 22. Bd2 Nd4 23. Re3 Rd8 24. Rg3+ Kf7 25. Bh6 Nf5 26. Rf3 Kg6 27. Be3
b6 28. h4 Nxe3 29. Rf6+ Kg7 30. fxe3 Ra2 31. h5 h6 32. Rg6+ Kf7 33. Rxc6 Rxb2
34. Nd6+ Kf8 35. Nf5 Rd2 36. Kg3 Rbxc2 37. Rf6+ Ke8 38. Bc6+ Kd8 39. Rxh6 Nc5
40. Kg4 e4 41. Nd4 Rg2+ 42. Kf5 Rcf2+ 43. Ke5 Rg5+ 44. Kd6 Rf8 45. Bd5 Rg7 46.
Be6 Nb7+ 47. Kd5 Kc7 48. Kxe4 Nc5+ 49. Kd5 Rg5+ 50. Kc4 Re5 51. Nb5+ Kb8 52.
Bd5 Rxe3 53. Kd4 Rd3+ 54. Ke5 Re8+ 55. Kd6 Rd8+ 56. Ke7 R3xd5 57. Rg6 R8d7+ 58.
Ke8 Rxh5 0-1

[Event "SR 2. liga A 2010/2011"]
[Site "?"]
[Date "2011.02.06"]
[Round "38.1"]
[White "Bronis, Marian"]
[Black "Bezuch, Martin"]
[Result "0-1"]
[WhiteElo "2136"]
[BlackElo "2198"]
[PlyCount "48"]
[EventDate "2010.??.??"]
[WhiteTeam "Slovakia"]
[BlackTeam "Slovakia"]
[WhiteTeamCountry "SVK"]
[BlackTeamCountry "SVK"]

1. d4 g6 2. c4 Bg7 3. Nc3 d6 4. e4 Nd7 5. Be3 e6 6. Bd3 a6 7. Nge2 Ne7 8. Qd2
h6 9. O-O c5 10. Bc2 cxd4 11. Bxd4 Ne5 12. b3 N7c6 13. Kh1 Nxd4 14. Qxd4 O-O
15. Rad1 b5 16. cxb5 axb5 17. Qxd6 Qxd6 18. Rxd6 b4 19. Na4 Ba6 20. Rd2 h5 21.
Re1 Rac8 22. f4 Bh6 23. Bd1 Nd3 24. Rg1 Nf2# 0-1

[Event "SR 2. liga A 2010/2011"]
[Site "?"]
[Date "2011.02.06"]
[Round "38.2"]
[White "Peitl, Tomas"]
[Black "Biro, Karol"]
[Result "1-0"]
[WhiteElo "2171"]
[BlackElo "2132"]
[PlyCount "81"]
[EventDate "2010.??.??"]
[WhiteTeam "Slovakia"]
[BlackTeam "Slovakia"]
[WhiteTeamCountry "SVK"]
[BlackTeamCountry "SVK"]

1. e4 e6 2. d4 d5 3. e5 c5 4. Qg4 Nc6 5. Nf3 Nxd4 6. Nxd4 cxd4 7. Bd3 f5 8. Qg3
Qa5+ 9. Nd2 Nh6 10. O-O Qc7 11. Nf3 Nf7 12. a3 g6 13. Re1 Be7 14. h4 Bd7 15. b4
a5 16. Bd2 axb4 17. axb4 Rxa1 18. Rxa1 O-O 19. h5 Kg7 20. Re1 Rg8 21. Nxd4 Kh8
22. Qh2 Qc8 23. f3 Qf8 24. c3 gxh5 25. Bxf5 Nd8 26. Bxh7 Rg7 27. Bd3 Qf7 28.
Kf2 Nc6 29. Ne2 Kg8 30. Bh6 Rg4 31. Bf4 Rg7 32. Ra1 Be8 33. Ra8 Bg5 34. Bxg5
Rxg5 35. Qf4 Rxe5 36. Qg3+ Kf8 37. b5 h4 38. Qxh4 Rh5 39. Qf4 Ne5 40. Bc2 Rh1
41. Qxe5 1-0

[Event "SR 2. liga A 2010/2011"]
[Site "?"]
[Date "2011.02.06"]
[Round "38.3"]
[White "Kebis, Milos"]
[Black "Oprea, Erik"]
[Result "0-1"]
[WhiteElo "1994"]
[BlackElo "2116"]
[PlyCount "102"]
[EventDate "2010.??.??"]
[WhiteTeam "Slovakia"]
[BlackTeam "Slovakia"]
[WhiteTeamCountry "SVK"]
[BlackTeamCountry "SVK"]

1. c4 d6 2. d4 c6 3. Nc3 Qc7 4. e4 e5 5. Nf3 Be7 6. Be2 Nd7 7. O-O Nf8 8. Be3
f6 9. Nh4 g6 10. Rc1 f5 11. Nf3 f4 12. Bd2 g5 13. dxe5 dxe5 14. Ne1 Nf6 15. f3
Nh5 16. Nd3 Be6 17. Na4 Rd8 18. Qe1 Nd7 19. Kh1 O-O 20. b3 b6 21. c5 Nb8 22.
cxb6 axb6 23. Bc3 Rxd3 24. Bxd3 b5 25. Nb2 Bc5 26. Bb4 Bd4 27. Bxf8 Kxf8 28.
Nd1 Ng3+ 29. hxg3 Qg7 30. Rf2 fxg3 31. Kg1 Qh6 32. Kf1 g4 33. Rcc2 gxf2 34.
Nxf2 g3 35. Ng4 Bxg4 36. fxg4 Qf4+ 37. Ke2 Qe3+ 38. Kd1 Qxd3+ 39. Kc1 Be3+ 40.
Kb1 Na6 41. Kb2 Qxe4 42. Rc3 Qxg2+ 43. Rc2 Bd4+ 44. Kb1 Qf3 45. Qc1 Qd3 46.
Qh6+ Kf7 47. Qxc6 Nc5 48. Qc7+ Kg6 49. Qc8 Kg5 50. Qg8+ Qg6 51. Qc8 g2 0-1

[Event "SR 2. liga A 2010/2011"]
[Site "?"]
[Date "2011.02.06"]
[Round "38.4"]
[White "Ochrana, Ladislav"]
[Black "Povysil, Peter"]
[Result "1/2-1/2"]
[WhiteElo "2072"]
[BlackElo "2012"]
[PlyCount "112"]
[EventDate "2010.??.??"]
[WhiteTeam "Slovakia"]
[BlackTeam "Slovakia"]
[WhiteTeamCountry "SVK"]
[BlackTeamCountry "SVK"]

1. d4 Nf6 2. Nd2 d5 3. c4 e6 4. Ngf3 Be7 5. Ne5 Nbd7 6. Ndf3 c5 7. cxd5 cxd4 8.
Nxf7 Kxf7 9. dxe6+ Ke8 10. exd7+ Bxd7 11. Qxd4 Qa5+ 12. Bd2 Qf5 13. Qe5 Rc8 14.
Qxf5 Bxf5 15. Rc1 Rxc1+ 16. Bxc1 Kf7 17. Ne5+ Ke6 18. f4 Ne4 19. e3 Bb4+ 20.
Ke2 Rc8 21. Kf3 Ng5+ 22. fxg5 Kxe5 23. Be2 Rc2 24. a3 Ba5 25. b4 Bc7 26. Re1
Be4+ 27. Kg3 Kf5+ 28. Kh4 Bxh2 29. Bg4+ Ke5 30. Bf3 h6 31. gxh6 gxh6 32. Kh5
Bg3 33. Bxe4 Kxe4 34. Rd1 Rxg2 35. Rd4+ Kf3 36. Kxh6 Rc2 37. Rd1 Ke2 38. Rh1
Be1 39. e4 Rxc1 40. Kg6 Rc6+ 41. Kf5 Bc3 42. e5 a5 43. Rh4 axb4 44. axb4 Bxe5
45. Kxe5 Kd3 46. Kd5 Kc3 47. b5 Rc7 48. Kd6 Rc8 49. Rh7 Kb4 50. Rxb7 Ka5 51.
Kd7 Rc4 52. b6 Ka6 53. Rb8 Rc1 54. b7 Ka7 55. Rc8 Rb1 56. b8=B+ Rxb8 1/2-1/2

[Event "SR 2. liga A 2010/2011"]
[Site "?"]
[Date "2011.02.06"]
[Round "38.5"]
[White "Kohlman, Robert"]
[Black "Szollos, Ondrej"]
[Result "1/2-1/2"]
[WhiteElo "2193"]
[BlackElo "2065"]
[PlyCount "55"]
[EventDate "2010.??.??"]
[WhiteTeam "Slovakia"]
[BlackTeam "Slovakia"]
[WhiteTeamCountry "SVK"]
[BlackTeamCountry "SVK"]

1. Nf3 d6 2. d4 c6 3. e4 Qc7 4. h3 e5 5. c3 Nf6 6. Bd3 Be7 7. O-O O-O 8. Be3
Nbd7 9. Nbd2 Re8 10. Qc2 Nf8 11. Rfe1 Ng6 12. dxe5 dxe5 13. a4 h6 14. Bc4 Bf8
15. Nf1 Nh5 16. Ng3 Nxg3 17. fxg3 Be6 18. Bxe6 Rxe6 19. Rad1 Be7 20. Rd3 Nf8
21. Red1 Rd8 22. Rxd8 Bxd8 23. Rd3 Be7 24. Qd1 b5 25. Nh4 Bxh4 26. gxh4 Qe7 27.
b4 Qxh4 28. Rd8 1/2-1/2

[Event "SR 2. liga A 2010/2011"]
[Site "?"]
[Date "2011.02.06"]
[Round "38.6"]
[White "Hricak, Vasil"]
[Black "Dolnak, Michal"]
[Result "0-1"]
[WhiteElo "2051"]
[BlackElo "1878"]
[PlyCount "92"]
[EventDate "2010.??.??"]
[WhiteTeam "Slovakia"]
[BlackTeam "Slovakia"]
[WhiteTeamCountry "SVK"]
[BlackTeamCountry "SVK"]

1. e4 e5 2. Nf3 Nc6 3. Bc4 Bc5 4. c3 Nf6 5. d4 exd4 6. e5 d5 7. Bb5 Ne4 8. cxd4
Bb4+ 9. Bd2 Nxd2 10. Nbxd2 Bd7 11. O-O O-O 12. Nb3 Nxe5 13. Be2 Nxf3+ 14. Bxf3
Bb5 15. Be2 Bxe2 16. Qxe2 c6 17. a3 Re8 18. Qd3 Bd6 19. Nd2 Qf6 20. Nf3 Bc7 21.
Rfe1 Bb6 22. Ne5 Qf4 23. Rad1 Re6 24. Re3 Rae8 25. g3 Qxd4 26. Qb3 Qxd1+ 27.
Qxd1 Bxe3 28. Nd3 Bb6 29. Kg2 Re2 30. h4 h6 31. b4 R8e4 32. Nc5 Bxc5 33. bxc5
Re7 34. Qa4 a6 35. Qg4 R2e6 36. h5 Rd7 37. f4 Rde7 38. Kf3 d4 39. f5 Re3+ 40.
Kf2 R7e4 41. Qd1 d3 42. a4 Re2+ 43. Kf3 R4e3+ 44. Kf4 d2 45. f6 gxf6 46. a5 Rd3
0-1

[Event "SR 2. liga A 2010/2011"]
[Site "?"]
[Date "2011.02.06"]
[Round "38.7"]
[White "Holubcik, Marian"]
[Black "Prikler, Bruno"]
[Result "0-1"]
[WhiteElo "1968"]
[BlackElo "1962"]
[PlyCount "106"]
[EventDate "2010.??.??"]
[WhiteTeam "Slovakia"]
[BlackTeam "Slovakia"]
[WhiteTeamCountry "SVK"]
[BlackTeamCountry "SVK"]

1. f4 d6 2. e4 g6 3. Nc3 Bg7 4. Nf3 e6 5. d4 Ne7 6. Bd3 a6 7. Be3 b5 8. O-O O-O
9. Ne2 f5 10. e5 Nd5 11. Qd2 Nd7 12. c4 Nxe3 13. Qxe3 dxe5 14. dxe5 bxc4 15.
Bxc4 Nb6 16. Qb3 Qe7 17. Ned4 Re8 18. Ng5 Nxc4 19. Qxc4 Bf8 20. Rac1 c5 21. Nb3
Rb8 22. Nxc5 Qxc5+ 23. Qxc5 Bxc5+ 24. Rxc5 Rxb2 25. Rf2 Rb1+ 26. Rf1 Rxf1+ 27.
Kxf1 h6 28. Nf3 Bb7 29. Ke2 Bd5 30. a4 Rb8 31. g3 g5 32. fxg5 Rb2+ 33. Nd2 hxg5
34. h4 gxh4 35. gxh4 Rb4 36. a5 Rxh4 37. Rc8+ Kf7 38. Rc7+ Kg6 39. Ra7 f4 40.
Rxa6 Rh2+ 41. Kd3 Kf5 42. Nc4 Bxc4+ 43. Kxc4 Kxe5 44. Ra8 Ke4 45. Re8 e5 46. a6
Ra2 47. Kb5 f3 48. Kb6 f2 49. Rf8 Ke3 50. a7 Ke2 51. Kb7 f1=Q 52. Rxf1 Kxf1 53.
a8=Q Rxa8 0-1

[Event "SR 2. liga A 2010/2011"]
[Site "?"]
[Date "2011.02.06"]
[Round "38.8"]
[White "Jurcak, Marian"]
[Black "Mikulasek, Viktor"]
[Result "1-0"]
[WhiteElo "1953"]
[BlackElo "1928"]
[PlyCount "125"]
[EventDate "2010.??.??"]
[WhiteTeam "Slovakia"]
[BlackTeam "Slovakia"]
[WhiteTeamCountry "SVK"]
[BlackTeamCountry "SVK"]

1. e4 d6 2. d4 Nf6 3. Nc3 g6 4. Nf3 Bg7 5. Be2 c5 6. dxc5 Qa5 7. O-O Qxc5 8.
Be3 Qa5 9. h3 Bd7 10. Nd4 O-O 11. Bf3 Nc6 12. Qd2 Rac8 13. Nxc6 Bxc6 14. Nd5
Qd8 15. c4 b6 16. Rac1 Nd7 17. Bg5 Re8 18. Bg4 h5 19. Be2 Nc5 20. f3 Kh7 21.
Rfd1 Ne6 22. Be3 Bb7 23. b3 Nc5 24. b4 Ne6 25. Bd3 Bxd5 26. exd5 Nf8 27. f4 e6
28. Qe2 Kg8 29. Qf3 exd5 30. cxd5 Rxc1 31. Rxc1 Qf6 32. Qf2 Kh7 33. a4 Bh6 34.
g3 Qe7 35. Bd2 Qb7 36. Rc6 Rd8 37. Qf3 Kg8 38. Qe4 Qd7 39. Kg2 Ra8 40. b5 Qd8
41. Qb4 Nd7 42. Qxd6 Bf8 43. Qc7 Nc5 44. Qxd8 Rxd8 45. Bc4 Nxa4 46. Rc7 Nc5 47.
Rxa7 Rc8 48. d6 Ne6 49. Bxe6 fxe6 50. d7 Rb8 51. Rc7 Rd8 52. f5 Be7 53. fxe6 g5
54. Be3 Kg7 55. Bxb6 Rb8 56. Rc6 Kf6 57. Bd4+ Kf5 58. b6 Ke4 59. Bf2 Kd5 60.
Rc8 Rb7 61. d8=Q+ Bxd8 62. Rxd8+ Kxe6 63. Rh8 1-0

[Event "SR 2. liga A 2010/2011"]
[Site "?"]
[Date "2011.02.06"]
[Round "39.1"]
[White "Pinter, Erik"]
[Black "Schwarz, Dusan"]
[Result "1-0"]
[WhiteElo "2379"]
[BlackElo "2294"]
[PlyCount "73"]
[EventDate "2010.??.??"]
[WhiteTeam "Slovakia"]
[BlackTeam "Slovakia"]
[WhiteTeamCountry "SVK"]
[BlackTeamCountry "SVK"]

1. e4 c5 2. Ne2 Nc6 3. d4 cxd4 4. Nxd4 Qb6 5. Nb3 Nf6 6. Nc3 Qc7 7. Bg5 a6 8.
Qd2 e6 9. f4 d6 10. O-O-O Bd7 11. Kb1 b5 12. Bxf6 gxf6 13. Ne2 Rc8 14. Ng3 Bh6
15. Nh5 Ke7 16. Qc3 e5 17. Qf3 exf4 18. Nxf4 Bxf4 19. Qxf4 Ne5 20. Nd4 Rhg8 21.
Be2 Be6 22. Rhf1 Nd7 23. g3 Qc5 24. Rd2 Qe5 25. Qf2 Nc5 26. Bf3 Rgd8 27. b3 Kf8
28. Rfd1 Kg7 29. Nf5+ Bxf5 30. exf5 Qc3 31. Bd5 a5 32. Qd4 Qxd4 33. Rxd4 Re8
34. Rg4+ Kf8 35. Rh4 Re2 36. Rxh7 Ne4 37. Bxe4 1-0

[Event "SR 2. liga A 2010/2011"]
[Site "?"]
[Date "2011.02.06"]
[Round "39.2"]
[White "Janos, Martin"]
[Black "Kovac, Andrej"]
[Result "1-0"]
[WhiteElo "2250"]
[BlackElo "2132"]
[PlyCount "119"]
[EventDate "2010.??.??"]
[WhiteTeam "Slovakia"]
[BlackTeam "Slovakia"]
[WhiteTeamCountry "SVK"]
[BlackTeamCountry "SVK"]

1. e4 e6 2. d3 d5 3. Nd2 c5 4. f4 Nc6 5. Ngf3 Nf6 6. Be2 Be7 7. O-O b6 8. Qe1
Bb7 9. e5 Nd7 10. c3 Qc7 11. a3 O-O-O 12. b4 h6 13. d4 c4 14. Kh1 Rdg8 15. Ng1
f5 16. exf6 gxf6 17. Bh5 Nd8 18. Ndf3 Bd6 19. Nh3 f5 20. Ne5 Nf6 21. Bf3 Ne4
22. Be3 a6 23. Ra2 Nf7 24. Bh5 Nd8 25. Nf2 Nf6 26. Bf3 Nf7 27. Bc1 Nd8 28. Re2
Re8 29. Nd1 Kb8 30. Qh4 Qg7 31. Qxf6 Qxf6 32. Nd7+ Kc7 33. Nxf6 Ref8 34. Nh5
Bc6 35. Rfe1 Bd7 36. Kg1 Rhg8 37. Nf2 Rg6 38. Nh3 Rfg8 39. Ng3 Rf8 40. Nf1 Kc6
41. Nd2 Kc7 42. Bh5 Rg7 43. Nf3 Be8 44. Bxe8 Rxe8 45. Ne5 Reg8 46. Rf1 Be7 47.
Rf3 Bh4 48. Kf1 Kd6 49. Ng1 Bf6 50. Rh3 Rh7 51. Bd2 Be7 52. Be1 Bf8 53. Bh4 Nf7
54. Nxf7+ Rxf7 55. Rg3 Rxg3 56. Bxg3 Be7 57. Nf3 Rg7 58. Bh4 Bf8 59. Ne5 Kc7
60. Bf6 1-0

[Event "SR 2. liga A 2010/2011"]
[Site "?"]
[Date "2011.02.06"]
[Round "39.3"]
[White "Hrivnak, Martin"]
[Black "Janos, Jozef"]
[Result "1/2-1/2"]
[WhiteElo "2143"]
[BlackElo "2196"]
[PlyCount "84"]
[EventDate "2010.??.??"]
[WhiteTeam "Slovakia"]
[BlackTeam "Slovakia"]
[WhiteTeamCountry "SVK"]
[BlackTeamCountry "SVK"]

1. Nf3 c5 2. g3 Nf6 3. Bg2 e6 4. O-O Be7 5. c4 O-O 6. Nc3 d5 7. cxd5 Nxd5 8. d4
Nxc3 9. bxc3 Nc6 10. e4 b6 11. d5 exd5 12. exd5 Na5 13. Qc2 Bb7 14. Rd1 Bf6 15.
Nd2 g6 16. Ne4 Bg7 17. Rb1 Bc8 18. c4 Bf5 19. Bb2 Bxb2 20. Rxb2 Re8 21. f3 Bxe4
22. fxe4 Qf6 23. Rbb1 Rad8 24. Rd2 Nb7 25. Rf1 Qe5 26. Qa4 Nd6 27. Qxa7 Ra8 28.
Qd7 Re7 29. Qg4 Nxc4 30. Rd3 Nd6 31. Qf4 Rxa2 32. Qxe5 Rxe5 33. Rf6 c4 34. Rd1
Nb5 35. d6 Re8 36. d7 Rd8 37. Rc6 Kf8 38. Rxc4 Ra7 39. Bh3 Nc7 40. Rdc1 Ne6 41.
Bxe6 fxe6 42. Rc6 Raxd7 1/2-1/2

[Event "SR 2. liga A 2010/2011"]
[Site "?"]
[Date "2011.02.06"]
[Round "39.4"]
[White "Novak, Ivan"]
[Black "Kralovic, Andrej"]
[Result "0-1"]
[WhiteElo "2233"]
[BlackElo "2166"]
[PlyCount "98"]
[EventDate "2010.??.??"]
[WhiteTeam "Slovakia"]
[BlackTeam "Slovakia"]
[WhiteTeamCountry "SVK"]
[BlackTeamCountry "SVK"]

1. e4 d6 2. d4 Nf6 3. Nc3 g6 4. Be3 a6 5. Nf3 b5 6. e5 Ng4 7. Bf4 Bb7 8. Qc1 b4
9. Nd1 Bxf3 10. gxf3 dxe5 11. dxe5 Qd5 12. Rg1 Nxe5 13. Bxe5 Qxe5+ 14. Qe3 Bg7
15. Rg4 Nc6 16. a3 Nd4 17. Qxe5 Bxe5 18. Bd3 f5 19. Rg2 Nxf3+ 20. Ke2 Nd4+ 21.
Kf1 bxa3 22. Rxa3 Kf7 23. Ne3 Rhb8 24. Nc4 Bd6 25. Ra2 e5 26. c3 Ne6 27. Bc2
Kf6 28. f3 Rd8 29. Ra5 Ng5 30. Rf2 Rdb8 31. Kg2 Rb5 32. Ra4 Rd5 33. Re2 Ne6 34.
Re3 Nf4+ 35. Kf1 Bc5 36. Re1 Bb6 37. b4 Nd3 38. Rd1 Rad8 39. Rxa6 Nxb4 40. cxb4
Rxd1+ 41. Bxd1 Rxd1+ 42. Kg2 Kg5 43. Nxe5 Rd2+ 44. Kh1 Be3 45. Nc4 Rd1+ 46. Kg2
Rg1+ 47. Kh3 Rf1 48. Ne5 Kf4 49. Ra5 Bd4 0-1

[Event "SR 2. liga A 2010/2011"]
[Site "?"]
[Date "2011.02.06"]
[Round "39.5"]
[White "Lauf, Pavol"]
[Black "Orolin, Peter"]
[Result "0-1"]
[WhiteElo "2143"]
[BlackElo "2055"]
[PlyCount "50"]
[EventDate "2010.??.??"]
[WhiteTeam "Slovakia"]
[BlackTeam "Slovakia"]
[WhiteTeamCountry "SVK"]
[BlackTeamCountry "SVK"]

1. d4 d5 2. c4 c6 3. Nc3 Nf6 4. Nf3 e6 5. Bg5 dxc4 6. e4 b5 7. Qc2 Bb7 8. Be2
h6 9. Be3 Nbd7 10. h3 Be7 11. Rd1 O-O 12. g4 Qa5 13. Kf1 b4 14. g5 hxg5 15. Nb1
e5 16. Nbd2 b3 17. axb3 cxb3 18. Nxb3 Qc7 19. Nxg5 exd4 20. Nxd4 c5 21. Nf5
Rae8 22. Rg1 g6 23. Nh6+ Kg7 24. f4 Nh7 25. Nf5+ Kh8 0-1

[Event "SR 2. liga A 2010/2011"]
[Site "?"]
[Date "2011.02.06"]
[Round "39.6"]
[White "Duben, Igor"]
[Black "Grich, Juraj"]
[Result "1-0"]
[WhiteElo "2182"]
[BlackElo "2027"]
[PlyCount "83"]
[EventDate "2010.??.??"]
[WhiteTeam "Slovakia"]
[BlackTeam "Slovakia"]
[WhiteTeamCountry "SVK"]
[BlackTeamCountry "SVK"]

1. Nf3 d5 2. d4 Nc6 3. c4 Bg4 4. cxd5 Bxf3 5. dxc6 Bxc6 6. Nc3 e6 7. e3 Bb4 8.
Qb3 Qd6 9. Bd2 Ne7 10. a3 Bxc3 11. Bxc3 Nd5 12. Bb5 O-O 13. O-O Nxc3 14. bxc3
Rfd8 15. Bxc6 Qxc6 16. Rab1 b6 17. c4 Qd6 18. Rfd1 c6 19. Qa4 Rd7 20. Rxb6 axb6
21. Qxa8+ Rd8 22. Qa6 Rb8 23. h3 h6 24. Rb1 e5 25. c5 Qd8 26. cxb6 exd4 27.
exd4 Qxd4 28. b7 Qe4 29. Rb4 Qe1+ 30. Kh2 Qe5+ 31. f4 Qc7 32. Qb6 Qd7 33. a4 c5
34. Qxc5 Rxb7 35. Rxb7 Qxb7 36. a5 Qe4 37. Qd6 Qe3 38. Qb8+ Kh7 39. a6 h5 40.
a7 h4 41. Qb1+ f5 42. a8=Q 1-0

[Event "SR 2. liga A 2010/2011"]
[Site "?"]
[Date "2011.02.06"]
[Round "39.7"]
[White "Sebo, Viktor"]
[Black "Machalec, Vladimir"]
[Result "1-0"]
[WhiteElo "1903"]
[BlackElo "1950"]
[PlyCount "87"]
[EventDate "2010.??.??"]
[WhiteTeam "Slovakia"]
[BlackTeam "Slovakia"]
[WhiteTeamCountry "SVK"]
[BlackTeamCountry "SVK"]

1. e4 c5 2. Nf3 Nc6 3. d4 cxd4 4. Nxd4 g6 5. Nc3 Bg7 6. Be3 Nf6 7. f3 O-O 8.
Qd2 d5 9. Nxc6 bxc6 10. e5 Ne8 11. f4 f6 12. exf6 Nxf6 13. O-O-O Qa5 14. a3 Rb8
15. Bd4 Bg4 16. Be2 Bxe2 17. Qxe2 c5 18. Be5 d4 19. Bxb8 Rxb8 20. Nb1 Qb6 21.
b3 Nd5 22. Rhe1 Ne3 23. Rd3 Qf6 24. Nd2 Qxf4 25. g3 Qg5 26. Kb1 e5 27. Qf3 Qe7
28. Qc6 Bf8 29. Ka2 Nxc2 30. Qd5+ Qf7 31. Rxe5 Qxd5 32. Rxd5 Nxa3 33. Rf3 Nc2
34. Rd7 Nb4+ 35. Kb2 Nc6 36. Ne4 Be7 37. Nf6+ Bxf6 38. Rxf6 Na5 39. Rff7 Rxb3+
40. Ka2 Rc3 41. Rg7+ Kf8 42. Rdf7+ Ke8 43. Rxa7 Kf8 44. Rgc7 1-0

[Event "SR 2. liga A 2010/2011"]
[Site "?"]
[Date "2011.02.06"]
[Round "39.8"]
[White "Danada, Ondrej"]
[Black "Chovanec, Vladimir"]
[Result "1/2-1/2"]
[WhiteElo "1922"]
[BlackElo "2082"]
[PlyCount "41"]
[EventDate "2010.??.??"]
[WhiteTeam "Slovakia"]
[BlackTeam "Slovakia"]
[WhiteTeamCountry "SVK"]
[BlackTeamCountry "SVK"]

1. e4 c5 2. Nf3 Nc6 3. g3 g6 4. Bg2 Bg7 5. O-O d6 6. c3 Nf6 7. Qe2 Bg4 8. h3
Bxf3 9. Bxf3 O-O 10. d3 Rc8 11. Be3 e5 12. a4 b6 13. Bg5 h6 14. Bxf6 Bxf6 15.
Na3 Re8 16. Nc4 Ne7 17. Ne3 Bg5 18. Bg4 Rb8 19. f4 exf4 20. gxf4 Bf6 21. Bf3
1/2-1/2

[Event "SR 2. liga A 2010/2011"]
[Site "?"]
[Date "2011.02.06"]
[Round "40.1"]
[White "Kleman, Miroslav"]
[Black "Vlcek, Stanislav"]
[Result "1/2-1/2"]
[WhiteElo "2266"]
[BlackElo "2257"]
[PlyCount "20"]
[EventDate "2010.??.??"]
[WhiteTeam "Slovakia"]
[BlackTeam "Slovakia"]
[WhiteTeamCountry "SVK"]
[BlackTeamCountry "SVK"]

1. d4 d5 2. c4 c6 3. e3 Nf6 4. Nc3 Bg4 5. Nf3 Nbd7 6. cxd5 Nxd5 7. Nxd5 cxd5 8.
h3 Bxf3 9. Qxf3 e6 10. Bd2 Qb6 1/2-1/2

[Event "SR 2. liga A 2010/2011"]
[Site "?"]
[Date "2011.02.06"]
[Round "40.2"]
[White "Petrik, Stanislav"]
[Black "Certek, Pavel"]
[Result "0-1"]
[WhiteElo "2187"]
[BlackElo "2250"]
[PlyCount "68"]
[EventDate "2010.??.??"]
[WhiteTeam "Slovakia"]
[BlackTeam "Slovakia"]
[WhiteTeamCountry "SVK"]
[BlackTeamCountry "SVK"]

1. e4 c5 2. Nf3 g6 3. Bc4 Bg7 4. O-O Nc6 5. Re1 d6 6. c3 e5 7. Na3 a6 8. Nc2
Nge7 9. d4 exd4 10. cxd4 O-O 11. d5 Ne5 12. Nxe5 Bxe5 13. f4 Bg7 14. a4 b6 15.
Ra3 Kh8 16. g4 Rb8 17. Rh3 b5 18. axb5 axb5 19. Bf1 Re8 20. f5 Ng8 21. g5 Be5
22. Qg4 Rb7 23. Qh4 f6 24. Rf3 Rg7 25. fxg6 Rxg6 26. Bxb5 fxg5 27. Qf2 Bd7 28.
Bd3 g4 29. Rf7 g3 30. Rxh7+ Kxh7 31. Qf7+ Rg7 32. Qh5+ Nh6 33. Bxh6 gxh2+ 34.
Kh1 Bg4 0-1

[Event "SR 2. liga A 2010/2011"]
[Site "?"]
[Date "2011.02.06"]
[Round "40.3"]
[White "Tepper, Frantisek"]
[Black "Petrik, Karol"]
[Result "0-1"]
[WhiteElo "2162"]
[BlackElo "2075"]
[PlyCount "116"]
[EventDate "2010.??.??"]
[WhiteTeam "Slovakia"]
[BlackTeam "Slovakia"]
[WhiteTeamCountry "SVK"]
[BlackTeamCountry "SVK"]

1. e4 d5 2. exd5 Qxd5 3. Nc3 Qd6 4. d4 a6 5. Be3 Nf6 6. h3 Nc6 7. a3 Bf5 8. Nf3
O-O-O 9. Bc4 e6 10. Qe2 Nd5 11. Nxd5 exd5 12. Bd3 Bg6 13. O-O-O Be7 14. Bxg6
hxg6 15. Qd2 Bf6 16. Bf4 Qd7 17. Rde1 Rde8 18. Be5 Qf5 19. Qd3 Qxd3 20. cxd3
Re6 21. Kd2 Rhe8 22. Bxf6 gxf6 23. Rxe6 fxe6 24. Re1 Kd7 25. Kc3 g5 26. Nh2 Kd6
27. Nf3 Rg8 28. g3 Rh8 29. h4 gxh4 30. Nxh4 Rg8 31. Nf3 e5 32. dxe5+ fxe5 33.
Kd2 Rf8 34. Ke2 Kd7 35. Nd2 Nd4+ 36. Kf1 Ke6 37. Kg2 Rh8 38. Rh1 Rxh1 39. Kxh1
Nc2 40. Nb3 Ne1 41. Nc1 c5 42. Kg1 b5 43. Kf1 Nc2 44. Ke2 Nd4+ 45. Ke3 Kf6 46.
Ne2 Nf5+ 47. Kd2 d4 48. g4 Nh6 49. f3 Nf7 50. Ng3 Ng5 51. Ne4+ Nxe4+ 52. dxe4
c4 53. Kc2 Kg6 54. Kd2 Kg5 55. Kc2 a5 56. Kd2 Kf4 57. Kc2 b4 58. axb4 axb4 0-1